La ética en los negocios /

שמור ב:
מידע ביבליוגרפי
מחבר ראשי: Fernández Aguado, Javier (coord.)
פורמט: ספר
שפה:ספרדית
יצא לאור: Barcelona, España : Ariel, 2001, c2001
סדרה:(Ariel Sociedad Económica)
נושאים:
תגים: הוספת תג
אין תגיות, היה/י הראשונ/ה לתייג את הרשומה!

MARC

LEADER 00000nam^a2200000^a^4500
001 000182697
005 20250521000000.0
009 20260310102017.257
020 |a 84-344-1442-2 
037 |a Acervo ITESO - Biblioteca 
041 |a ESP 
082 |a 174. 4  |b FER 
100 |a Fernández Aguado, Javier  |e (coord.) 
245 1 3 |a La ética en los negocios /  |c Coord. de J. Fernández Aguado ; pról. de Julio Ariza. 
264 4 |a Barcelona, España :  |b Ariel,  |c 2001, c2001 
300 |a 262 p. 
336 |a texto  |b txt  |2 rdacontenido 
337 |a sin mediación  |b n  |2 rdamedio 
338 |a volumen  |b nc  |2 rdasoporte 
440 1 |a (Ariel Sociedad Económica) 
649 |a XX 
650 |a Etica en los Negocios 
650 |a Empresa y Sociedad 
650 |a Economía 
650 |a Filosofía 
910 |a Fondo General 
920 |a Impresos - Libros 
930 |a Colección General 
905 |a 101 
901 |a 0500122840  |b IT1  |c ACC  |u 20250521 
902 |a https://opac.biblio.iteso.mx/vufind/Record/000182697